000 00696nam a2200253Ia 4500
003 OSt
005 20221005050144.0
006 a|||||r|||| 00| 0
007 ta
008 221004b |||||||| |||| 00| 0 ben d
020 _a8175221186 (pbk)
024 _a16032
037 _bGift, 09/02/2015,
_cTextual
040 _aCRL
_cCRL
_bben
041 _2ben
_aben
082 _aO157,6M61x, K1
100 _aThakur Rabindranath
245 0 _aKalantar
260 _aKolkatta
_bVishwabharti India
_c1961
300 _a451p.
_ccm.
650 _aBENGALI LITERATURE
942 _hO157,6M61x, K1
_cTEXL
_2cc
999 _c956443
_d956443